00255nam a2200109Ia 4500008004100000100001900041245002800060260001900088260000900107546001200116999001700128170619s9999 xx 000 0 und d aPatranabis- D. 0aSensors and Transducers bNew Delhi: PHI c2004 aENGLISH c17915d17915